Normal view
MARC view
Entry Geographic Name
001 - CONTROL NUMBER
- control field: 8603
003 - CONTROL NUMBER IDENTIFIER
- control field: BD-RjUL
005 - DATE AND TIME OF LATEST TRANSACTION
- control field: 20230827121308.0
008 - FIXED-LENGTH DATA ELEMENTS
- fixed length control field: 230827|| aca||aabn | a|a d
040 ## - CATALOGING SOURCE
- Original cataloging agency: BD-RjUL
- Transcribing agency: BD-RjUL
151 ## - HEADING--GEOGRAPHIC NAME
- Geographic name: Oudh (Princely State)
- General subdivision: Kings and rulers
- Form subdivision: Biography
670 ## - SOURCE DATA FOUND
- Source citation: Work cat.: (BD-RjUL)81781: Raz̤vi, Sayyid Masʻūd Ḥasan, 1893-1975. 8601, سلطان عالم واجد على شاه : اىک تارىخى مرقع ;; / Sult̤ān-i ʻĀlam Vājid ʻAlī Shāh : ek tārīk̲h̲ī muraqqaʻ./, 1977.